[Event "Meleuz op"]
[Site "Meleuz"]
[Date "2006.12.17"]
[Round "2"]
[White "Kiselev, Artiom"]
[Black "Karimov, Zakir"]
[Result "1-0"]
[WhiteElo "2290"]
[BlackElo "2044"]
[PlyCount "119"]
[EventDate "2006.12.16"]
[EventType "swiss"]
[EventRounds "9"]
[EventCountry "RUS"]
[SourceTitle "EXT 2008"]
[Source "ChessBase"]
[SourceDate "2007.11.25"]
[SourceVersion "1"]
[SourceVersionDate "2007.11.25"]
[SourceQuality "1"]

1. c4 c5 2. Nf3 Nf6 3. Nc3 Nc6 4. g3 g6 5. Bg2 Bg7 6. 0-0 0-0 7. d4 cxd4 8. Nxd4 Qb6 9. Nc2 d6 10. b3 Bd7 11. Bb2 Ne5 12. Rb1 Bc6 13. e4 Rfe8 14. h3 Rad8 15. Kh2 a6 16. Qe2 Qa5 17. a3 Ned7 18. b4 Qh5 19. Qxh5 Nxh5 20. b5 axb5 21. cxb5 Bxc3 22. Bxc3 Bxb5 23. Rxb5 Rc8 24. Rb3 Nc5 25. Rfb1 Na4 26. Bd4 Rxc2 27. Rxb7 Nc5 28. Ra7 Rc4 29. Rxe7 Kf8 30. Rxe8+ Kxe8 31. Rb4 Rxb4 32. axb4 Ne6 33. Bc3 Kd7 34. f4 Nhg7 35. Kg1 Ne8 36. Kf2 Kc6 37. Bf1 N8c7 38. Bc4 d5 39. exd5+ Nxd5 40. Bd2 Nd4 41. g4 Nc2 42. g5 Nd4 43. Kg3 Kd6 44. Kg4 Kc6 45. Bd3 Kd6 46. h4 Ke6 47. Bc4 Kd6 48. Ba2 f5+ 49. gxf6 Nxf6+ 50. Kh3 Ne4 51. Be3 Nc2 52. Bb1 Ng5+ 53. Kg4 Nxe3+ 54. Kxg5 Nd5 55. Be4 h6+ 56. Kxg6 Nxf4+ 57. Kxh6 Ke5 58. Bf3 Kf6 59. b5 Ng6 60. b6 1-0

[Event "Meleuz op"]
[Site "Meleuz"]
[Date "2006.12.17"]
[Round "3"]
[White "Yaksin, Oleg"]
[Black "Kiselev, Artiom"]
[Result "0-1"]
[WhiteElo "2232"]
[BlackElo "2290"]
[PlyCount "48"]
[EventDate "2006.12.16"]
[EventType "swiss"]
[EventRounds "9"]
[EventCountry "RUS"]
[SourceTitle "EXT 2008"]
[Source "ChessBase"]
[SourceDate "2007.11.25"]
[SourceVersion "1"]
[SourceVersionDate "2007.11.25"]
[SourceQuality "1"]

1. e4 d5 2. exd5 Qxd5 3. Nc3 Qd6 4. g3 Nc6 5. Bg2 e5 6. d3 a6 7. Nge2 Bf5 8. 0-0 Qd7 9. Be3 0-0-0 10. Re1 h6 11. Rb1 Nf6 12. b4 Bxb4 13. Qc1 Ba5 14. Qb2 b6 15. Red1 Nd4 16. Bd2 Bg4 17. Nxd4 exd4 18. Ne4 Nxe4 19. Bxa5 Bxd1 20. Bxe4 Qb5 21. Qc1 Qxa5 22. Qxd1 f5 23. Bg2 Rd6 24. Qf3 Re8 0-1

[Event "RUS-ch U18"]
[Site "Nojabrsk"]
[Date "2005.04.13"]
[Round "8"]
[White "Bryndin, Alexey"]
[Black "Kiselev, Artiom"]
[Result "1/2-1/2"]
[WhiteElo "2272"]
[BlackElo "2277"]
[PlyCount "55"]
[EventDate "2005.04.06"]
[EventType "swiss"]
[EventRounds "9"]
[EventCountry "RUS"]
[SourceTitle "EXT 2006"]
[Source "ChessBase"]
[SourceDate "2005.11.24"]
[SourceVersion "1"]
[SourceVersionDate "2005.11.24"]
[SourceQuality "1"]

1. Nf3 c5 2. g3 Nc6 3. d4 cxd4 4. Nxd4 Nf6 5. Bg2 g6 6. 0-0 Bg7 7. c4 0-0 8. Nc3 d6 9. Nxc6 bxc6 10. Bxc6 Rb8 11. Bg2 Qa5 12. Qd3 Be6 13. b3 Rxb3 14. axb3 Qxa1 15. Bd2 Qa6 16. Nb5 d5 17. Nc7 dxc4 18. Qe3 Qa2 19. Nxe6 fxe6 20. Bh3 Qxb3 21. Bxe6+ Kh8 22. Rc1 Qxe3 23. Bxe3 c3 24. Bxa7 Ne4 25. f3 Nd6 26. Kf2 Nb5 27. Bc5 Nd4 28. Bxd4 1/2-1/2

[Event "RUS-ch U18"]
[Site "Nojabrsk"]
[Date "2005.04.10"]
[Round "5"]
[White "Kiselev, Artiom"]
[Black "Verzhansky, Alexander"]
[Result "1-0"]
[WhiteElo "2277"]
[BlackElo "2360"]
[PlyCount "60"]
[EventDate "2005.04.06"]
[EventType "swiss"]
[EventRounds "9"]
[EventCountry "RUS"]
[SourceTitle "EXT 2006"]
[Source "ChessBase"]
[SourceDate "2005.11.24"]
[SourceVersion "1"]
[SourceVersionDate "2005.11.24"]
[SourceQuality "1"]

1. d4 d5 2. c4 c6 3. Nf3 Nf6 4. Nc3 a6 5. a4 e6 6. Bg5 Nbd7 7. cxd5 exd5 8. e3 a5 9. Bd3 Be7 10. Qc2 h6 11. Bh4 0-0 12. 0-0 Re8 13. Nd2 Ng4 14. Bg3 Nf8 15. h3 Nf6 16. Nf3 Bd6 17. Ne5 Qe7 18. f4 N6d7 19. Rae1 f6 20. Nf3 Nb6 21. Qb3 Bb4 22. e4 Qf7 23. exd5 Rxe1 24. Bxe1 cxd5 25. Nb5 Bxe1 26. Rxe1 Nc4 27. Qc2 Bd7 28. Bxc4 dxc4 29. Nd6 Qd5 30. Qxc4 Be6 1-0